[Event "Chess.com Speed Play In"]
[Site "Chess.com INT"]
[Date "2024.06.27"]
[Round "5"]
[White "Zwirs, Nico"]
[Black "Bitoon, Richard"]
[Result "1-0"]
[WhiteElo "2489"]
[BlackElo "2374"]
[PlyCount "73"]
[EventDate "2024.06.27"]
[EventType "swiss (blitz)"]
[EventRounds "11"]
[EventCountry "USA"]
[SourceTitle "CBM 220 Extra"]
[Source "ChessBase"]
[SourceDate "2024.07.31"]
[SourceVersion "1"]
[SourceVersionDate "2024.07.31"]
[SourceQuality "1"]

1. e4 d6 2. d3 Nf6 3. Nf3 g6 4. g3 Bg7 5. Bg2 0-0 6. 0-0 Bg4 7. h3 Bxf3 8. Qxf3 Nc6 9. c3 e5 10. Nd2 a5 11. b3 a4 12. b4 Ne7 13. a3 h6 14. Bb2 c6 15. c4 Ne8 16. Rac1 Nc7 17. Qe2 Ne6 18. Nf3 f5 19. exf5 Nxf5 20. h4 Qc7 21. Bh3 Rae8 22. Rce1 Qb6 23. Qd1 Nxg3 24. c5 dxc5 25. fxg3 cxb4+ 26. Kh1 b3 27. Bxe5 b2 28. Qb1 Rxf3 29. Rxf3 Nd4 30. Rfe3 Rxe5 31. Rxe5 Bxe5 32. Rxe5 Qb3 33. Re1 Nc2 34. Be6+ Qxe6 35. Rxe6 Nxa3 36. Qxb2 Kf7 37. Qf6+ 1-0

[Event "North American op 33rd"]
[Site "Las Vegas"]
[Date "2023.12.29"]
[Round "8"]
[White "Andriasian, Zaven"]
[Black "Bitoon, Richard"]
[Result "1-0"]
[WhiteElo "2581"]
[BlackElo "2348"]
[PlyCount "53"]
[EventDate "2023.12.26"]
[EventType "swiss"]
[EventRounds "9"]
[EventCountry "USA"]
[SourceTitle "CBM 219 Extra"]
[Source "ChessBase"]
[SourceDate "2024.05.31"]
[SourceVersion "1"]
[SourceVersionDate "2024.05.31"]
[SourceQuality "1"]

1. e4 d6 2. d4 Nf6 3. Nc3 e5 4. Nf3 Nbd7 5. Bc4 Be7 6. 0-0 0-0 7. Re1 c6 8. a4 Rb8 9. Ba2 a5 10. h3 b5 11. axb5 cxb5 12. Nd5 Nxd5 13. Bxd5 Qc7 14. Bd2 a4 15. Bb4 Nf6 16. Ra3 Nxd5 17. exd5 e4 18. Rxe4 Bb7 19. Rc3 Qd7 20. Rce3 Bf6 21. Ne5 dxe5 22. Bxf8 exd4 23. Bxg7 Kxg7 24. Rg3+ Kh8 25. Qh5 Bxd5 26. Rh4 Bxh4 27. Qe5+ 1-0

[Event "Las Vegas Bridgeopolis"]
[Site "Las Vegas"]
[Date "2023.12.01"]
[Round "6"]
[White "Burrows, Brandon"]
[Black "Bitoon, Richard"]
[Result "1/2-1/2"]
[WhiteElo "2336"]
[BlackElo "2348"]
[PlyCount "21"]
[EventDate "2023.11.29"]
[EventType "tourn"]
[EventRounds "10"]
[EventCountry "USA"]
[EventCategory "7"]
[SourceTitle "CBM 217 Extra"]
[Source "ChessBase"]
[SourceDate "2024.01.31"]
[SourceVersion "1"]
[SourceVersionDate "2024.01.31"]
[SourceQuality "1"]

1. Nf3 Nf6 2. g3 d5 3. d4 c6 4. Bg2 Bf5 5. 0-0 e6 6. b3 h6 7. Bb2 Nbd7 8. Nbd2 a5 9. a4 Be7 10. Ne5 0-0 11. Re1 1/2-1/2

[Event "Las Vegas Bridgeopolis"]
[Site "Las Vegas"]
[Date "2023.11.29"]
[Round "1"]
[White "Bitoon, Richard"]
[Black "Burrows, Brandon"]
[Result "1/2-1/2"]
[WhiteElo "2348"]
[BlackElo "2336"]
[PlyCount "21"]
[EventDate "2023.11.29"]
[EventType "tourn"]
[EventRounds "10"]
[EventCountry "USA"]
[EventCategory "7"]
[SourceTitle "CBM 217 Extra"]
[Source "ChessBase"]
[SourceDate "2024.01.31"]
[SourceVersion "1"]
[SourceVersionDate "2024.01.31"]
[SourceQuality "1"]

1. e4 e5 2. Nf3 Nf6 3. Nxe5 d6 4. Nf3 Nxe4 5. Qe2 Qe7 6. Nc3 Nf6 7. d4 Qxe2+ 8. Bxe2 Be7 9. Bf4 0-0 10. 0-0-0 Nbd7 11. Rhe1 1/2-1/2

[Event "Titled Tuesday intern op 27th Jun Late"]
[Site "Chess.com INT"]
[Date "2023.06.27"]
[Round "5"]
[White "Pinto, Daniel"]
[Black "Bitoon, Richard"]
[Result "1/2-1/2"]
[WhiteElo "2274"]
[BlackElo "2372"]
[PlyCount "110"]
[EventDate "2023.06.27"]
[EventType "swiss (blitz)"]
[EventRounds "11"]
[EventCountry "USA"]
[SourceTitle "EXT 2024"]
[Source "ChessBase"]
[SourceDate "2023.10.10"]
[SourceVersion "1"]
[SourceVersionDate "2023.10.10"]
[SourceQuality "1"]

1. e4 e5 2. Nf3 Nc6 3. Bb5 a6 4. Ba4 Nf6 5. 0-0 b5 6. Bb3 Bb7 7. d3 Bc5 8. Nc3 h6 9. Nd5 d6 10. Nxf6+ Qxf6 11. Bd5 Rb8 12. c3 Ne7 13. Bxb7 Rxb7 14. d4 Bb6 15. a4 g5 16. axb5 axb5 17. Ra8+ Kd7 18. dxe5 Qg7 19. Rxh8 Qxh8 20. exd6 cxd6 21. Qd3 g4 22. Nd4 Qe5 23. Qxb5+ Qxb5 24. Nxb5 h5 25. Rd1 Bxf2+ 26. Kxf2 Rxb5 27. b4 Nc6 28. Bf4 Ne5 29. Rd5 Rxd5 30. exd5 Nc4 31. Ke2 Nb6 32. Kd3 Nxd5 33. Bd2 f5 34. c4 Nf6 35. Kd4 Ne4 36. Bf4 h4 37. c5 dxc5+ 38. bxc5 h3 39. gxh3 gxh3 40. Ke5 Nxc5 41. Kxf5 Nd3 42. Bg3 Ke7 43. Kg4 Kf6 44. Kxh3 Kg5 45. Kg2 Nb4 46. Kf3 Nd5 47. Bd6 Kh4 48. Kg2 Kg4 49. h3+ Kh5 50. Kg3 Ne3 51. Kf3 Nf5 52. Bg3 Nd4+ 53. Ke4 Ne6 54. Bf4 Kh4 55. Be5 Kxh3 1/2-1/2

[Event "Las Vegas National op"]
[Site "Las Vegas"]
[Date "2023.06.18"]
[Round "9"]
[White "Gustafson, Corbin"]
[Black "Bitoon, Richard"]
[Result "0-1"]
[WhiteElo "1951"]
[BlackElo "2372"]
[PlyCount "149"]
[EventDate "2023.06.14"]
[EventType "swiss"]
[EventRounds "9"]
[EventCountry "USA"]
[SourceTitle "CBM 214 Extra"]
[Source "ChessBase"]
[SourceDate "2023.07.31"]
[SourceVersion "1"]
[SourceVersionDate "2023.07.31"]
[SourceQuality "1"]

1. e4 c5 2. Nf3 b6 3. c4 Bb7 4. Nc3 d6 5. d4 cxd4 6. Nxd4 Nd7 7. Be2 Ngf6 8. f3 a6 9. Be3 e6 10. Nc2 Be7 11. Qd2 Qc7 12. Rc1 0-0 13. 0-0 Rac8 14. Rfd1 Rfe8 15. Bf1 Qb8 16. Kh1 h6 17. b3 Qc7 18. Nd4 Nc5 19. b4 Ncd7 20. a3 h5 21. Nb3 h4 22. Qf2 h3 23. g3 Qb8 24. Kg1 Ne5 25. Na4 b5 26. Nb6 Rcd8 27. cxb5 Bxe4 28. Nd2 Nxf3+ 29. Nxf3 Ng4 30. Qe2 Nxe3 31. Qxe3 Bxf3 32. Qxf3 Qxb6+ 33. Qf2 Qxf2+ 34. Kxf2 axb5 35. Bxb5 Rf8 36. Rc7 Rb8 37. Bc6 Rfc8 38. Rxc8+ Rxc8 39. b5 d5 40. a4 Bd8 41. Kf3 Kf8 42. Kg4 Ke7 43. Kxh3 Bb6 44. Ra1 Ba5 45. Kg2 Kd6 46. Rd1 Rc7 47. h4 Ra7 48. Rb1 Bb6 49. Ra1 f5 50. Kf3 Ba5 51. g4 fxg4+ 52. Kxg4 Rf7 53. Kg5 Rf6 54. Rd1 Bd8 55. Kg4 Rg6+ 56. Kf3 Rh6 57. Rg1 Rxh4 58. Rxg7 Ba5 59. Rg4 Rxg4 60. Kxg4 e5 61. Kf3 e4+ 62. Ke2 Bb6 63. Bb7 Ke5 64. a5 Bxa5 65. b6 Bxb6 66. Bc6 d4 67. Bb5 Ba5 68. Ba6 Bc3 69. Bb5 Ba5 70. Ba6 Bd8 71. Bb5 Bg5 72. Ba6 Bf4 73. Bb5 Kd5 74. Ba6 Kc5 75. Ke1 0-1

[Event "Titled Tuesday intern op 06th Jun Late"]
[Site "Chess.com INT"]
[Date "2023.06.06"]
[Round "8"]
[White "Bitoon, Richard"]
[Black "Fernandez Guillen, Ernesto J"]
[Result "0-1"]
[WhiteElo "2372"]
[BlackElo "2467"]
[PlyCount "90"]
[EventDate "2023.06.06"]
[EventType "swiss (blitz)"]
[EventRounds "11"]
[EventCountry "USA"]
[SourceTitle "EXT 2024"]
[Source "ChessBase"]
[SourceDate "2023.10.10"]
[SourceVersion "1"]
[SourceVersionDate "2023.10.10"]
[SourceQuality "1"]

1. e4 e5 2. Nf3 Nc6 3. Bc4 g6 4. b4 Bg7 5. b5 Nd4 6. c3 Nxf3+ 7. Qxf3 Qf6 8. Qg3 d6 9. d3 h6 10. Nd2 g5 11. Nf1 Ne7 12. Ne3 Be6 13. h4 0-0-0 14. Ng4 Qg6 15. h5 Qh7 16. Ne3 Kb8 17. Bxe6 fxe6 18. Qg4 Qg8 19. a4 Qf7 20. a5 Rhf8 21. 0-0 Ng8 22. b6 Nf6 23. Qd1 cxb6 24. axb6 a6 25. g4 Rc8 26. Qb3 Rc6 27. f3 Rfc8 28. Nc4 Bf8 29. Be3 Be7 30. Rfc1 Nxg4 31. fxg4 Qf3 32. Bf2 Qxg4+ 33. Kf1 Qh3+ 34. Ke2 Qxh5+ 35. Kd2 Qh2 36. Rf1 g4 37. Ne3 Bg5 38. Qxe6 g3 39. Qg4 gxf2 40. Rac1 Rxb6 41. Rc2 Rb1 42. Ke2 Bxe3 43. Rxb1 f1Q+ 44. Kxf1 Qxc2 45. Re1 Qxd3+ 0-1

[Event "Titled Tuesday intern op 06th Jun Late"]
[Site "Chess.com INT"]
[Date "2023.06.06"]
[Round "6"]
[White "Moroni, Luca Jr"]
[Black "Bitoon, Richard"]
[Result "1-0"]
[WhiteElo "2560"]
[BlackElo "2372"]
[PlyCount "75"]
[EventDate "2023.06.06"]
[EventType "swiss (blitz)"]
[EventRounds "11"]
[EventCountry "USA"]
[SourceTitle "EXT 2024"]
[Source "ChessBase"]
[SourceDate "2023.10.10"]
[SourceVersion "1"]
[SourceVersionDate "2023.10.10"]
[SourceQuality "1"]

1. d4 Nf6 2. c4 g6 3. Nc3 Bg7 4. e4 0-0 5. Bd3 d6 6. Nge2 c6 7. 0-0 a6 8. a4 Nbd7 9. f3 e5 10. d5 Qb6+ 11. Kh1 a5 12. Ra3 Nc5 13. Be3 Nfd7 14. Qd2 Qb4 15. Qc2 Nxd3 16. Qxd3 Nc5 17. Qc2 f5 18. Rd1 fxe4 19. Bxc5 dxc5 20. Nxe4 cxd5 21. cxd5 Bf5 22. N2g3 Rfd8 23. d6 c4 24. Rc3 Rac8 25. Qd2 h6 26. h4 Qxa4 27. h5 Kh7 28. Nxf5 gxf5 29. Ng3 Qd7 30. Qc2 Rf8 31. Rxc4 Rc6 32. Rxc6 bxc6 33. Qd3 Rf6 34. Qc2 Kh8 35. Qc5 Rf8 36. Qxa5 e4 37. Qc7 exf3 38. Qxd7 1-0

[Event "Titled Tuesday intern op 30th May Late"]
[Site "Chess.com INT"]
[Date "2023.05.30"]
[Round "3"]
[White "Bitoon, Richard"]
[Black "Kouskoutis, Georgios Alexandros"]
[Result "1-0"]
[WhiteElo "2375"]
[BlackElo "2276"]
[PlyCount "97"]
[EventDate "2023.05.30"]
[EventType "swiss (blitz)"]
[EventRounds "11"]
[EventCountry "USA"]
[SourceTitle "CBM 214 Extra"]
[Source "ChessBase"]
[SourceDate "2023.07.31"]
[SourceVersion "1"]
[SourceVersionDate "2023.07.31"]
[SourceQuality "1"]

1. e4 c5 2. c3 g6 3. d4 cxd4 4. cxd4 d5 5. e5 Nc6 6. Nc3 Bg7 7. h3 f6 8. f4 fxe5 9. fxe5 Nh6 10. g4 e6 11. Nf3 0-0 12. Bg2 Rb8 13. 0-0 b5 14. Be3 Bd7 15. Qd2 Nf7 16. Rac1 b4 17. Ne2 Qe7 18. b3 Rfc8 19. Nf4 a5 20. Nd3 Na7 21. h4 Bb5 22. h5 Qe8 23. Rf2 Bxd3 24. Qxd3 Rxc1+ 25. Bxc1 Rc8 26. Bd2 Qb5 27. Bf1 Qxd3 28. Bxd3 gxh5 29. gxh5 Nc6 30. Rg2 Kh8 31. Ba6 Rg8 32. Bb5 Ncd8 33. Bd3 Bh6 34. Bxh6 Nxh6 35. Ng5 Nhf7 36. Nxh7 Rxg2+ 37. Kxg2 Nc6 38. Nf6 Nxd4 39. Nd7 Nc6 40. Nc5 Ncxe5 41. Ba6 Nd8 42. Bc8 Nec6 43. Nxe6 Nxe6 44. Bxe6 d4 45. Kf3 Kg7 46. Ke4 Kh6 47. Bd5 Ne7 48. Bf7 Kg7 49. Be8 1-0

[Event "Titled Tuesday intern op 30th May Late"]
[Site "Chess.com INT"]
[Date "2023.05.30"]
[Round "6"]
[White "Ferey, Antonin"]
[Black "Bitoon, Richard"]
[Result "0-1"]
[WhiteElo "2181"]
[BlackElo "2375"]
[PlyCount "72"]
[EventDate "2023.05.30"]
[EventType "swiss (blitz)"]
[EventRounds "11"]
[EventCountry "USA"]
[SourceTitle "CBM 214 Extra"]
[Source "ChessBase"]
[SourceDate "2023.07.31"]
[SourceVersion "1"]
[SourceVersionDate "2023.07.31"]
[SourceQuality "1"]

1. d4 Nf6 2. c4 g6 3. Nc3 Bg7 4. e4 0-0 5. Nf3 d6 6. Be2 e5 7. 0-0 Nc6 8. d5 Ne7 9. b4 Nh5 10. g3 Kh8 11. Nd2 Ng8 12. Bxh5 gxh5 13. Qxh5 f5 14. exf5 Rxf5 15. Qe2 a5 16. bxa5 Rxa5 17. Nde4 Bd7 18. a4 Qe8 19. Bd2 Ra8 20. Nb5 Rc8 21. Nbxd6 cxd6 22. Nxd6 Qf8 23. Nxc8 Qxc8 24. Rac1 Bxa4 25. c5 Qd7 26. Qe4 Nf6 27. c6 Nxe4 28. cxd7 Bxd7 29. Be3 Nf6 30. Rc7 e4 31. Rxb7 Rxd5 32. Ra1 h6 33. Kg2 Bg4 34. Ra8+ Kh7 35. Raa7 Bf3+ 36. Kh3 Rh5# 0-1

[Event "Titled Tuesday intern op 30th May Late"]
[Site "Chess.com INT"]
[Date "2023.05.30"]
[Round "10"]
[White "Matinian, Nikita"]
[Black "Bitoon, Richard"]
[Result "0-1"]
[WhiteElo "2407"]
[BlackElo "2375"]
[PlyCount "108"]
[EventDate "2023.05.30"]
[EventType "swiss (blitz)"]
[EventRounds "11"]
[EventCountry "USA"]
[SourceTitle "CBM 214 Extra"]
[Source "ChessBase"]
[SourceDate "2023.07.31"]
[SourceVersion "1"]
[SourceVersionDate "2023.07.31"]
[SourceQuality "1"]

1. e4 e5 2. Nf3 Nc6 3. d4 exd4 4. Nxd4 Nf6 5. Nxc6 bxc6 6. e5 Qe7 7. Qe2 Nd5 8. h4 d6 9. exd6 cxd6 10. a3 Bf5 11. c4 Nb6 12. Nc3 0-0-0 13. Be3 g6 14. g4 Be6 15. Bg2 Bxc4 16. Qf3 d5 17. 0-0-0 Bg7 18. Bg5 f6 19. Rhe1 Qf7 20. a4 Nd7 21. Rd4 Rhe8 22. Rxe8 Qxe8 23. Bf4 Nc5 24. Rxc4 dxc4 25. Be3 Nb3+ 26. Kb1 f5 27. Nb5 Qe4+ 28. Qxe4 fxe4 29. Nxa7+ Kb7 30. Bxe4 Nd2+ 31. Bxd2 Rxd2 32. Nxc6 Rxb2+ 33. Kc1 Rxf2 34. Ne5+ Ka6 35. Nxc4 Rf4 36. Bd3 Ka7 37. Be2 h5 38. gxh5 gxh5 39. Kc2 Rxh4 40. Kd3 Rd4+ 41. Ke3 h4 42. Na3 Rb4 43. Nb5+ Kb6 44. Nd6 Rxa4 45. Nf5 Bf6 46. Bf3 Bg5+ 47. Kf2 Rf4 48. Ne3 Kc5 49. Ng2 Ra4 50. Ne1 Kd4 51. Kg2 Ke5 52. Nd3+ Kf5 53. Nf2 Ra2 54. Bc6 Be3 0-1

[Event "Titled Tuesday intern op 16th May Late"]
[Site "Chess.com INT"]
[Date "2023.05.16"]
[Round "10"]
[White "Bitoon, Richard"]
[Black "Perske, Thore"]
[Result "1-0"]
[WhiteElo "2375"]
[BlackElo "2448"]
[PlyCount "53"]
[EventDate "2023.05.16"]
[EventType "swiss (blitz)"]
[EventRounds "11"]
[EventCountry "USA"]
[SourceTitle "CBM 214 Extra"]
[Source "ChessBase"]
[SourceDate "2023.07.31"]
[SourceVersion "1"]
[SourceVersionDate "2023.07.31"]
[SourceQuality "1"]

1. e4 e6 2. d4 d5 3. Nd2 c5 4. exd5 exd5 5. Ngf3 a6 6. Be2 Nf6 7. 0-0 Be7 8. dxc5 Bxc5 9. Nb3 Bb6 10. Bg5 0-0 11. a4 h6 12. Bh4 g5 13. Bg3 Ne4 14. a5 Ba7 15. Nfd4 f5 16. Bxb8 Bxb8 17. c4 dxc4 18. Bxc4+ Kg7 19. Rc1 Qd6 20. g3 f4 21. Qe2 fxg3 22. fxg3 Nc5 23. Rxf8 Kxf8 24. Qf3+ Ke8 25. Bf7+ Kd8 26. Rxc5 Ba7 27. Rd5 1-0

[Event "Titled Tuesday intern op 16th May Late"]
[Site "Chess.com INT"]
[Date "2023.05.16"]
[Round "7"]
[White "Bitoon, Richard"]
[Black "Sargsyan, Anna M"]
[Result "1-0"]
[WhiteElo "2375"]
[BlackElo "2375"]
[PlyCount "35"]
[EventDate "2023.05.16"]
[EventType "swiss (blitz)"]
[EventRounds "11"]
[EventCountry "USA"]
[SourceTitle "CBM 214 Extra"]
[Source "ChessBase"]
[SourceDate "2023.07.31"]
[SourceVersion "1"]
[SourceVersionDate "2023.07.31"]
[SourceQuality "1"]

1. e4 c6 2. d4 d5 3. Nc3 dxe4 4. Nxe4 Bf5 5. Ng3 Bg6 6. N1e2 Nf6 7. Nf4 e5 8. Nxg6 hxg6 9. dxe5 Qa5+ 10. Bd2 Qxe5+ 11. Qe2 Nbd7 12. Qxe5+ Nxe5 13. f4 Ned7 14. 0-0-0 Ng4 15. Re1+ Kd8 16. Bc4 f5 17. Bf7 Rh6 18. Re8+ 1-0

[Event "Titled Tuesday intern op 16th May Late"]
[Site "Chess.com INT"]
[Date "2023.05.16"]
[Round "6"]
[White "Erzhanov, Arman"]
[Black "Bitoon, Richard"]
[Result "1/2-1/2"]
[WhiteElo "2228"]
[BlackElo "2375"]
[PlyCount "209"]
[EventDate "2023.05.16"]
[EventType "swiss (blitz)"]
[EventRounds "11"]
[EventCountry "USA"]
[SourceTitle "CBM 214 Extra"]
[Source "ChessBase"]
[SourceDate "2023.07.31"]
[SourceVersion "1"]
[SourceVersionDate "2023.07.31"]
[SourceQuality "1"]

1. e4 e5 2. Nf3 Nc6 3. Bb5 a6 4. Bxc6 dxc6 5. 0-0 Bg4 6. d3 Qf6 7. h3 h5 8. Be3 Bxf3 9. Qxf3 Qxf3 10. gxf3 Bd6 11. Nd2 Ne7 12. Rfb1 Ng6 13. b4 f6 14. Kf1 Nf8 15. a4 Ne6 16. Nc4 Kf7 17. Ke2 Be7 18. Na5 Rhb8 19. c3 g6 20. Rb2 f5 21. Rg1 Bf6 22. Rbb1 Nd8 23. Rgd1 b6 24. Nc4 Ne6 25. a5 b5 26. Na3 Bg5 27. Nc2 Bxe3 28. fxe3 f4 29. d4 fxe3 30. Nxe3 exd4 31. cxd4 Nf4+ 32. Kf2 Rd8 33. Rbc1 Rd6 34. h4 Rad8 35. Nc2 R6d7 36. Rd2 Kf6 37. Ke3 Ne6 38. Rcd1 g5 39. hxg5+ Nxg5 40. Ne1 Re8 41. Ng2 Nf7 42. Nf4 Rh8 43. Rh1 h4 44. Rdh2 Rhd8 45. Ne2 Rh8 46. Rxh4 Rxh4 47. Rxh4 Kg7 48. Ng3 Nd6 49. Rg4+ Kf7 50. Kd3 Nc4 51. Nf5 Ne5+ 52. Ke3 Nxg4+ 53. fxg4 Kf6 54. Kd3 Kg5 55. Ne3 Kf4 56. e5 Rd8 57. Nf5 Kxg4 58. Ne7 Rh8 59. Nxc6 Kf5 60. e6 Rh3+ 61. Kc2 Kxe6 62. Nb8 Kd5 63. Nxa6 c6 64. Kb2 Kxd4 65. Nc5 Kc4 66. a6 Kxb4 67. a7 Rh8 68. Na6+ Ka5 69. Nb8 Rh2+ 70. Kb1 Rh1+ 71. Kc2 Rh2+ 72. Kd3 Kb6 73. a8Q Rh6 74. Nxc6 Rxc6 75. Qb8+ Kc5 76. Qd8 Rd6+ 77. Qxd6+ Kxd6 78. Kc3 Kc5 79. Kb3 Kc6 80. Kb4 Kb6 81. Kb3 Ka5 82. Ka3 b4+ 83. Kb3 Kb5 84. Kb2 Kc4 85. Kc2 Kd4 86. Kb3 Kc5 87. Kb2 Kb6 88. Kb3 Ka5 89. Kb2 Kb5 90. Kb3 Ka5 91. Kb2 Ka4 92. Ka2 b3+ 93. Kb2 Kb5 94. Kb1 Kc4 95. Kb2 Kb4 96. Kb1 Ka3 97. Ka1 Ka4 98. Kb2 Kb4 99. Kb1 Kc3 100. Kc1 Kd3 101. Kb2 Kc4 102. Kb1 Kc5 103. Kb2 Kc4 104. Kb1 Kc3 105. Kc1 1/2-1/2

[Event "Titled Tuesday intern op 16th May Late"]
[Site "Chess.com INT"]
[Date "2023.05.16"]
[Round "4"]
[White "Loiacono, Antonio"]
[Black "Bitoon, Richard"]
[Result "1-0"]
[WhiteElo "2350"]
[BlackElo "2375"]
[PlyCount "71"]
[EventDate "2023.05.16"]
[EventType "swiss (blitz)"]
[EventRounds "11"]
[EventCountry "USA"]
[SourceTitle "CBM 214 Extra"]
[Source "ChessBase"]
[SourceDate "2023.07.31"]
[SourceVersion "1"]
[SourceVersionDate "2023.07.31"]
[SourceQuality "1"]

1. e4 e5 2. Nf3 Nc6 3. Nc3 Nf6 4. Bb5 Bb4 5. 0-0 0-0 6. d3 Bxc3 7. bxc3 Qe7 8. Bxc6 bxc6 9. c4 Rd8 10. h3 h6 11. Re1 d6 12. Rb1 Nh5 13. Nh2 Qh4 14. Qf3 Re8 15. Nf1 Re6 16. Ng3 Nxg3 17. fxg3 Qf6 18. Qxf6 Rxf6 19. Bd2 Kf8 20. Ba5 Ke7 21. Bxc7 a5 22. c5 dxc5 23. Bxe5 Rg6 24. Kh2 a4 25. a3 c4 26. dxc4 Ba6 27. c5 Re6 28. Bd6+ Kf6 29. e5+ Kg6 30. Rb4 f5 31. Rxa4 Ree8 32. e6 Bb5 33. Rxa8 Rxa8 34. e7 Kf7 35. Rb1 Rxa3 36. c4 1-0

[Event "Titled Tuesday intern op 09th May Late"]
[Site "Chess.com INT"]
[Date "2023.05.09"]
[Round "9"]
[White "Peng, Li Min"]
[Black "Bitoon, Richard"]
[Result "1-0"]
[WhiteElo "2553"]
[BlackElo "2375"]
[PlyCount "59"]
[EventDate "2023.05.09"]
[EventType "swiss (blitz)"]
[EventRounds "11"]
[EventCountry "USA"]
[SourceTitle "CBM 214 Extra"]
[Source "ChessBase"]
[SourceDate "2023.07.31"]
[SourceVersion "1"]
[SourceVersionDate "2023.07.31"]
[SourceQuality "1"]

1. e4 e5 2. Nf3 Nc6 3. Nc3 Nf6 4. h3 Bb4 5. Nd5 Bc5 6. c3 0-0 7. d3 h6 8. b4 Bd6 9. Nxf6+ Qxf6 10. g4 Qd8 11. g5 h5 12. Bg2 g6 13. 0-0 Re8 14. Nh4 a5 15. b5 Na7 16. a4 c6 17. Qb3 cxb5 18. axb5 Kg7 19. Qd5 Bc7 20. f4 exf4 21. Bxf4 Bxf4 22. Rxf4 Qb6+ 23. Kh1 Qe6 24. Qd4+ Qe5 25. Qf2 Re7 26. Rf1 Qe6 27. Rf6 Qb3 28. Nxg6 fxg6 29. Rxg6+ Kh7 30. Rh6+ 1-0

[Event "Titled Tuesday intern op 09th May Late"]
[Site "Chess.com INT"]
[Date "2023.05.09"]
[Round "2"]
[White "Ryan, Joseph"]
[Black "Bitoon, Richard"]
[Result "0-1"]
[WhiteElo "2218"]
[BlackElo "2375"]
[PlyCount "58"]
[EventDate "2023.05.09"]
[EventType "swiss (blitz)"]
[EventRounds "11"]
[EventCountry "USA"]
[SourceTitle "CBM 214 Extra"]
[Source "ChessBase"]
[SourceDate "2023.07.31"]
[SourceVersion "1"]
[SourceVersionDate "2023.07.31"]
[SourceQuality "1"]

1. d4 Nf6 2. Nf3 g6 3. Nc3 d5 4. Bf4 c5 5. e3 Bg7 6. Nb5 Na6 7. c3 0-0 8. h3 Qb6 9. Be2 Bd7 10. a4 c4 11. 0-0 Rae8 12. b3 Rc8 13. bxc4 dxc4 14. Qb1 Nd5 15. Qb2 Nxf4 16. exf4 Nc7 17. Rfb1 Nxb5 18. axb5 Bf5 19. Re1 Rfd8 20. Ne5 Bxe5 21. fxe5 Rd5 22. Bf3 Rxb5 23. Qd2 Kg7 24. d5 Rb2 25. Qf4 Qxf2+ 26. Kh2 a6 27. e6 fxe6 28. Qe5+ Kg8 29. dxe6 Qxf3 0-1

[Event "Titled Tuesday intern op 25th Apr Late"]
[Site "Chess.com INT"]
[Date "2023.04.25"]
[Round "9"]
[White "Bitoon, Richard"]
[Black "Karas, Marek"]
[Result "1/2-1/2"]
[WhiteElo "2375"]
[BlackElo "2223"]
[PlyCount "146"]
[EventDate "2023.04.25"]
[EventType "swiss (blitz)"]
[EventRounds "11"]
[EventCountry "USA"]
[SourceTitle "EXT 2024"]
[Source "ChessBase"]
[SourceDate "2023.10.10"]
[SourceVersion "1"]
[SourceVersionDate "2023.10.10"]
[SourceQuality "1"]

1. e4 e6 2. d4 d5 3. Nd2 a6 4. Bd3 c5 5. dxc5 Bxc5 6. exd5 exd5 7. Ngf3 Qe7+ 8. Be2 Nf6 9. 0-0 0-0 10. Nb3 Bb6 11. Bg5 h6 12. Bxf6 Qxf6 13. c3 Be6 14. Nfd4 Nc6 15. Bf3 Nxd4 16. Nxd4 Bxd4 17. Qxd4 Qxd4 18. cxd4 Rac8 19. Rac1 Rfd8 20. Rfe1 Kf8 21. Kf1 b6 22. Rc3 Rxc3 23. bxc3 Rc8 24. Rc1 Ke7 25. Ke2 Kd6 26. Kd2 b5 27. a3 Bf5 28. Re1 Be6 29. Kc2 Bf5+ 30. Kb2 Be4 31. Be2 Bxg2 32. Rg1 Be4 33. a4 bxa4 34. Bxa6 Rb8+ 35. Ka3 Rb3+ 36. Kxa4 Rxc3 37. Rxg7 Bg6 38. Rg8 Rc2 39. Rd8+ Ke7 40. Ra8 Rxf2 41. Kb4 Rxh2 42. Kc5 Ra2 43. Kxd5 h5 44. Ke5 h4 45. Ra7+ Kf8 46. Kf6 Kg8 47. Ra8+ Kh7 48. Bb7 Rxa8 49. Bxa8 h3 50. Bf3 Kg8 51. Kg5 Bd3 52. Kg4 Bf1 53. Kg3 Kf8 54. Bg4 Ke7 55. Bxh3 Bxh3 56. Kxh3 Kd6 57. Kg4 Kd5 58. Kf5 Kxd4 59. Kf6 Kd3 60. Kf5 f6 61. Kf4 f5 62. Kf3 f4 63. Kf2 Ke4 64. Ke2 f3+ 65. Kf2 Kf4 66. Kf1 Kg3 67. Kg1 Kf4 68. Kf2 Kg4 69. Kf1 Kf5 70. Kf2 Ke4 71. Kf1 Ke3 72. Ke1 f2+ 73. Kf1 Kf3 1/2-1/2

[Event "Titled Tuesday intern op 25th Apr Late"]
[Site "Chess.com INT"]
[Date "2023.04.25"]
[Round "7"]
[White "Bitoon, Richard"]
[Black "Pesotskiy, Mikhail"]
[Result "1-0"]
[WhiteElo "2375"]
[BlackElo "2153"]
[PlyCount "55"]
[EventDate "2023.04.25"]
[EventType "swiss (blitz)"]
[EventRounds "11"]
[EventCountry "USA"]
[SourceTitle "EXT 2024"]
[Source "ChessBase"]
[SourceDate "2023.10.10"]
[SourceVersion "1"]
[SourceVersionDate "2023.10.10"]
[SourceQuality "1"]

1. e4 e6 2. d4 d5 3. Nd2 Nf6 4. e5 Nfd7 5. Bd3 c5 6. c3 Nc6 7. Ne2 cxd4 8. cxd4 f6 9. Nf4 Qe7 10. 0-0 fxe5 11. dxe5 Ndxe5 12. Bb5 Qf7 13. Re1 Bd6 14. Nxd5 exd5 15. Nc4 0-0 16. Nxd6 Qxf2+ 17. Kh1 Bg4 18. Qxd5+ Kh8 19. Be3 Qxb2 20. Rab1 Qc3 21. Rbc1 Qb2 22. Rb1 Qc3 23. Bd2 Qa3 24. Bxc6 Nxc6 25. Nf7+ Rxf7 26. Qxf7 Rf8 27. Qxb7 Nd4 28. Bb4 1-0

[Event "Titled Tuesday intern op 25th Apr Late"]
[Site "Chess.com INT"]
[Date "2023.04.25"]
[Round "5"]
[White "Bitoon, Richard"]
[Black "Shivakumar, Shawnak"]
[Result "0-1"]
[WhiteElo "2375"]
[BlackElo "2418"]
[PlyCount "64"]
[EventDate "2023.04.25"]
[EventType "swiss (blitz)"]
[EventRounds "11"]
[EventCountry "USA"]
[SourceTitle "EXT 2024"]
[Source "ChessBase"]
[SourceDate "2023.10.10"]
[SourceVersion "1"]
[SourceVersionDate "2023.10.10"]
[SourceQuality "1"]

1. e4 c5 2. c3 Nf6 3. e5 Nd5 4. d4 cxd4 5. Nf3 Nc6 6. Bc4 e6 7. 0-0 dxc3 8. Bxd5 exd5 9. Nxc3 d6 10. Bg5 Be7 11. Bxe7 Nxe7 12. exd6 Qxd6 13. Nb5 Qb6 14. Qe2 0-0 15. Nxa7 Rxa7 16. Qxe7 Qxb2 17. a4 Bf5 18. Qc5 Rfa8 19. Qxd5 Ra5 20. Qd6 Be4 21. Rad1 h6 22. Nd2 Bd5 23. Rfe1 Kh7 24. Nf1 Bc6 25. Qd3+ g6 26. Rd2 Qf6 27. Ne3 Rxa4 28. Rde2 Ra3 29. Qc4 R8a4 30. Qc5 Ra2 31. Ng4 Rxg4 32. Rxa2 Bxg2 0-1